000 00605nam a22001817a 4500
005 20150720122123.0
010 _aENG-113146
020 _a9788184249088
_c475.00
035 _aEN-96678
037 _bDBAD/PUB
082 _a507.1
100 _aSatya Prakash
245 _aVision for science education /
_cby Satya Prakash
260 _aNew Delhi
_bAllied Publishers
_c2014
270 _a1/13-14 Asaf Ali Road,
_bNew Delhi
_e110002
300 _ax,237p.
_c22cm(Hb)
942 _2ddc
_cEN
_mSAT
_h507.1
999 _c93825
_d93825